000 00401nam a2200133Ia 4500
005 20260328101515.0
008 260328s9999||||xx |||||||||||||| ||und||
100 _aGuastavino IV, Rafael
245 3 _aAn Architect and his son :
_b The inmiGrant journey of Rafael Guastavino II and his son /
_cRafael Guastavino IV
260 _bHeritage Books
300 _a112 p.
650 _aARQUITECTOS
942 _cBK
999 _c9326
_d9326